Представление документа в формате MARC21

Поле Инд. ПП Название Значение
Тип записи a
Библиографический уровень b
001 Контрольный номер RU/IS/BASE/234702190
005 Дата корректировки 20200629065943.9
040 b Код языка каталог. rus
e Правила каталог. PSBO
041 0_ a Код языка текста rus
084 a Индекс другой классификации/Индекс ББК 83.3(2=411.2)6
100 1_ a Автор Полторацкая А. Ю.
245 11 a Заглавие "Зофья" И. Бродского как большая баллада
504 a Библиография Библиогр. - Примеч.: с. 119
600 a Персоналии Бродский Иосиф Александрович
650 a Основная рубрика история литературы
a Основная рубрика литературоведение
a Основная рубрика филологические науки
653 a Ключевые слова "Зофья"
a Ключевые слова XX век
a Ключевые слова баллады
a Ключевые слова поэзия
a Ключевые слова поэмы
a Ключевые слова романтизм
a Ключевые слова Россия
a Ключевые слова русская литература
773 0_ t Заглавие источника Вестник Московского университета. Серия 9, Филология
d Дата издания источника 2006
g Прочая информация № 6. - С. 111 - 119
w Контрольный № источника RU/IS/BASE/225296183
901 t Тип документа b